English language communication skills (Record no. 188882)

000 -LEADER
fixed length control field 00395nam a2200133Ia 4500
008 - FIXED-LENGTH DATA ELEMENTS--GENERAL INFORMATION
fixed length control field 220217s9999||||xx |||||||||||||| ||und||
020 ## - INTERNATIONAL STANDARD BOOK NUMBER
International Standard Book Number 9789386668455
082 ## - DEWEY DECIMAL CLASSIFICATION NUMBER
Classification number 421
100 ## - MAIN ENTRY--PERSONAL NAME
Personal name Kumar, Rajesh., Thimmesha, L and Venkateswaran, S
245 #0 - TITLE STATEMENT
Title English language communication skills
260 ## - PUBLICATION, DISTRIBUTION, ETC.
Place of publication, distribution, etc. Cengage learning
Name of publisher, distributor, etc. New Delhi
Date of publication, distribution, etc. 2019
300 ## - PHYSICAL DESCRIPTION
Extent XVIII, 299p.
Other physical details 250
650 ## - SUBJECT ADDED ENTRY--TOPICAL TERM
Topical term or geographic name entry element Placement
Holdings
Withdrawn status Lost status Damaged status Not for loan Collection code Home library Current library Shelving location Date acquired Full call number Barcode Date last seen Price effective from Koha item type
        Humanity Science Central Library Central Library Reference 02/18/2022 421 24071 02/18/2022 02/18/2022 Books

Powered by Koha